| 000 | 00563cam a2200217ua 4500 | ||
|---|---|---|---|
| 005 | 20221020112046.0 | ||
| 008 | 150213n ii |||gr||||Z||||||eng | ||
| 020 | _a9788171563807 | ||
| 040 |
_cMAIN _aIN-DiNC |
||
| 041 | _deng | ||
| 082 |
_a822.33 _bBRA |
||
| 100 |
_aBradley, A C, _eauthor |
||
| 245 | 1 |
_aShakespearean tragedy/ _cBy A C Bradley |
|
| 250 | _a1st. | ||
| 260 |
_aNew Delhi: _bAtlantic, _c2010. |
||
| 300 | _axii, 444p. | ||
| 650 | _aLectures on Shakespearean drama | ||
| 653 | _aEnglish drama | ||
| 653 | _aShakespeare drama | ||
| 942 |
_cBK _2ddc |
||
| 999 |
_c7822 _d7822 |
||